Introduction to computer performance analysis with mathematica /

Saved in:
Bibliographic Details
Main Author: Allen, Arnold O (Author)
Format: Book
Language:English
Published: Boston : AP Professional, 1994
Edition:1.vyd.
Subjects:
Tags: Add Tag
No Tags, Be the first to tag this record!

MARC

LEADER 00000nam a22000003a 4500
001 stu8014
005 20200928113223.5
008 950926s1994----xxu-----------------eng-d
020 |a 0-12-051070-7 
040 |a STU  |b slo 
041 0 |a eng 
044 |a xxu 
080 |a 681.32.004.17 
080 |a 681.32.06 
080 |a MATHEMATICA 
080 |a 519.688  |7 stu_us_auth*stu10069 
084 |a C5470  |2 INS 
084 |a C0310H  |2 INS 
100 1 |a Allen, Arnold O  |4 aut 
245 1 |a Introduction to computer performance analysis with mathematica /  |c [aut.] Allen,Arnold O 
250 |a 1.vyd. 
260 |a Boston :  |b AP Professional,  |c 1994 
300 |a 356 s 
650 7 |a výkonnosť počítačov  |2 stusub 
650 7 |a počítačové programy  |2 stusub 
996 |b E80122  |c E*80122  |l EE12  |s P  |a 0  |w stu8014_0001